Normal view
MARC view
Entry Topical Term
001 - CONTROL NUMBER
- control field: 6218
003 - CONTROL NUMBER IDENTIFIER
- control field: BD-RjUL
005 - DATE AND TIME OF LATEST TRANSACTION
- control field: 20221208094024.0
008 - FIXED-LENGTH DATA ELEMENTS
- fixed length control field: 221208|| aca||aabn | a|a d
040 ## - CATALOGING SOURCE
- Original cataloging agency: BD-RjUL
- Transcribing agency: BD-RjUL
150 ## - HEADING--TOPICAL TERM
- Topical term or geographic name entry element: الالهيات
- General subdivision: الصفات والذات
670 ## - SOURCE DATA FOUND
- Source citation: Work cat.: (BD-RjUL)80927: Lead, Ahmed bin Al-Hassan الرصاص، أحمد بن الحسن 6216, مصباح العلوم في معرفة الحي القيوم / misbah aleulum fi maerifat alhayi alqayuwm /, 1971.